Normal view
MARC view
- Dirrigl, Frank J. Jr,
Entry Personal Name
001 - CONTROL NUMBER
- control field: 59285
003 - CONTROL NUMBER IDENTIFIER
- control field: OSt
005 - DATE AND TIME OF LATEST TRANSACTION
- control field: 20240828160540.0
008 - FIXED-LENGTH DATA ELEMENTS
- fixed length control field: 240828|| aca||aabn | a|a d
040 ## - CATALOGING SOURCE
- Original cataloging agency: OSt
- Transcribing agency: OSt
100 ## - HEADING--PERSONAL NAME
- Personal name: Dirrigl, Frank J. Jr,
- Relator term: author.
670 ## - SOURCE DATA FOUND
- Source citation: Work cat.: (OSt): Dirrigl, Frank J. Jr, author., The teaching writing toolkit :, November 2019.
